| 000 | 01205cam a22003254a 4500 | ||
|---|---|---|---|
| 001 | 15672759 | ||
| 005 | 20130207134335.0 | ||
| 008 | 090324s2009 stka b 001 0 eng | ||
| 020 | _a9780702029332 (alk. paper) | ||
| 020 | _a0702029335 (alk. paper) | ||
| 020 | _a9780702029349 (international ed.) | ||
| 020 | _a0702029343 (international ed.) | ||
| 040 |
_aDNLM/DLC _cDLC _dNLM _dUKM _dBTCTA _dC#P _dYDXCP _dDLC |
||
| 082 | 0 | 0 |
_a615.321 _222 _bEVA |
| 100 | 1 |
_aEvans, William Charles. _930052 |
|
| 245 | 1 | 0 |
_aTrease and Evans Pharmacognosy / _cWilliam Charles Evans. |
| 246 | 3 | 0 | _aPharmacognosy |
| 250 |
_a16th ed. / _brev. with the assistance of Daphne Evans. |
||
| 260 |
_aEdinburgh ; _aNew York : _bSaunders/Elsevier, _c2009. |
||
| 300 |
_avi, 603 p. : _bill. ; _c29 cm. |
||
| 504 | _aIncludes bibliographical references and index. | ||
| 541 | _aDonation from Baccah | ||
| 650 | 0 |
_aPharmacognosy. _930053 |
|
| 650 | 1 | 2 |
_aPharmacognosy. _930054 |
| 653 |
_bPharmacy _cJune2012 _cFebruary2013 |
||
| 700 | 1 |
_aEvans, Daphne. _930055 |
|
| 700 | 1 |
_aTrease, George Edward, _d1902-1986. _930056 |
|
| 942 |
_2ddc _cBB |
||
| 999 |
_c16755 _d16755 |
||